000 00495nam a2200157Ia 4500
008 090123s9999 xx 000 0 und d
082 _b36836
245 _aरिक्लायनिंग वुमन
250 _a0
260 _bसुपर्ण प्रकाशन
_c2003
300 _a144
630 _aरिक्लायनिंग वुमन
700 _aहुद्दार मधुकर
730 _aरिक्लायनिंग वुमन
942 _cBOOK
999 _c74902
_d74902